Statistics for Largest Cities in Florida in 2030

Click here to take the quiz!

General Stats

  • This quiz has been taken 18 times
  • The average score is 15 of 20

Answer Stats

#Pop.City% Correct
11,049,767Jacksonville
100%
2476,374Miami
100%
4349,473Orlando
100%
8216,951Tallahassee
100%
13157,258Gainesville
93%
3439,233Tampa
93%
7270,292St. Petersburg
87%
6303,328Cape Coral
80%
9211,900Hialeah
80%
5331,718Port St. Lucie
80%
10184,210Fort Lauderdale
73%
14152,082Hollywood
73%
16144,779Lakeland
73%
17134,692West Palm Beach
73%
19130,661Fort Myers
60%
12165,132Pembroke Pines
60%
15148,132Miramar
53%
11165,554Palm Bay
53%
20130,209Coral Springs
47%
18133,115Palm Coast
33%

Score Distribution

Percentile by Number Answered

Percent of People with Each Score

Your Score History

You have not taken this quiz